Couper Cabèche (Record no. 13946)

MARC details
010 ## - Numéro international normalisé du livre (ISBN)
ISBN 9782330205720
Disponibilité et/ou prix 10 EUR
099 ## - Visibilité opac
notice masquée en opac Non
100 ## - Données générales de traitement
Données générales de traitement 20250702d2025 m y0frey50 ba
101 0# - Langue de la ressource
Langue du texte, de la bande son, etc. français
102 ## - Pays de publication ou de production
Pays de publication France
200 1# - Titre et mention de responsabilité
Titre propre Couper Cabèche
Indication générale du type de document Livre
214 #0 - Mentions de production, publication, diffusion et manufacture
Nom de l’éditeur Actes Sud-Papiers
Date de publication DL 2025
214 #3 - Mentions de production, publication, diffusion et manufacture
Nom de l’éditeur Impr. Corlet
215 ## - Description physique
Nombre de pages 1 vol. (49 p.)
225 1# - Collection
Titre de la collection Au singulier
323 ## - Nombre de personnages
Texte de la note 1 personnage
330 ## - Résumé ou extrait
Texte de la note Joël Jouanneau explore la relation complexe entre un auteur et son éditeur et critique, en creux, les dérives du système éditorial. Tandis qu un éditeur encourage un auteur à écrire, il devient aussi son principal obstacle : incompréhensions, corrections erronées, rejet insidieux de son Suvre. Cette tension met en lumière les paradoxes d une relation fondée sur la confiance mais marquée par la domination. À la manière d un Claude Simon, Joël Jouanneau fait fonctionner Couper cabèche comme un éternel retour à la vision fulgurante qui frappe l auteur et lui révèle l essence de la vérité humaine.
700 #1 - Auteur principal
Nom Jouanneau
Prénom Joël
Dates 1946-....
105 ## - Zone de données codées : textes, monographies
Données codées sur les monographies textuelles y z 00|a|
181 ## - Zone de données codées : Forme de la ressource
Données de liaison entre champs z01
Autre référentiel utilisé pour coder la forme du contenu texte
Code du référentiel rdacontent
181 #1 - Zone de données codées : Forme de la ressource
Données de liaison entre champs z01
Forme du contenu selon l’ISBD sous forme codée i#
Qualificatif(s) du contenu selon l’ISBD sous forme codée xxxe##
182 ## - Zone de données codées : type de média
Données de liaison entre champs z01
Autre référentiel utilisé pour coder le type de médiation sans média
Code du référentiel rdamedia
182 #1 - Zone de données codées : type de média
Données de liaison entre champs z01
Type de médiation selon l’ISBD sous forme codée sans média
183 #1 - Zone de données codées : Type de carrière
Données de liaison entre champs z01
Type de support sous forme codée nga
Code du référentiel RDAfrCarrier
214 #0 - Mentions de production, publication, diffusion et manufacture
Lieu de publication, production, distribution/diffusion, fabrication Arles
214 #3 - Mentions de production, publication, diffusion et manufacture
Lieu de publication, production, distribution/diffusion, fabrication 14-Condé-sur-Noireau
215 ## - Description physique
Dimensions 19 cm
225 1# - Collection
ISSN de la collection 2743-6608
410 ## - Collection
Titre de l'oeuvre Au singulier (Arles)
Date de publication 2025
686 ## - Autres numéros de classification
Indice 803
Code du format utilisé Cadre de classement de la Bibliographie nationale française
700 #1 - Auteur principal
Identifiant de la notice d'autorité 029619939
Code de fonction Auteur
801 #3 - Origine de la notice
Pays FR
Agence de catalogage Abes
Date de la transaction 20250906
Règles de catalogage utilisées AFNOR
Identifiant d'origine 288963210
801 #0 - Origine de la notice
Pays FR
Agence de catalogage FR-751131015
Date de la transaction 20250509
Règles de catalogage utilisées AFNOR
Code du format utilisé intermrc
000 -Etiquette de la notice
Leader 01935cam0a2200469 4500
003 - Identifiant de la notice
Identifiant http://www.sudoc.fr/285873636
005 - Identifiant de la version
Identifiant 20251009125137.0
033 ## - Identifiant pérenne dans d’autres systèmes
Identifiant de la notice http://catalogue.bnf.fr/ark:/12148/cb485044831
035 ## - Identifiant de la notice dans un autre système
Identifiant de la notice dans un autre système 288963210
035 ## - Identifiant de la notice dans un autre système
Identifiant de la notice dans un autre système (OCoLC)1527222220
035 ## - Identifiant de la notice dans un autre système
Identifiant de la notice dans un autre système FRBNF485044830000005
Numéro erroné ou annulé FRBNF48504483
073 #0 - EAN
Numéro normalisé 9782330205720
Holdings
Exclu du prêt Date de création Site actuel Code barre Date prix de remplacement Cote Statut Site de rattachement Type de document Koha
  09.10.2025 Théâtre Joliette JOL-007646 09.10.2025 TH JOU 1   Théâtre Joliette Livre